Subdivision capitals closest to Erfurt (DE) - Statistics

General Stats
  • This quiz has been taken 27 times
  • The average score is 14 of 20
Answer Stats
Distance (km) Answer % Correct
9 223 Mainz
100%
18 318 München
100%
10 235 Berlin
94%
12 278 Bremen
94%
4 190 Dresden
94%
15 295 Hamburg
94%
3 179 Hannover
94%
13 278 Stuttgart
94%
17 299 Düsseldorf
88%
1 134 Magdeburg
81%
5 211 Potsdam
81%
16 296 Schwerin
81%
11 259 Praha
75%
8 221 Wiesbaden
69%
7 216 Plzeň
56%
2 154 Karlovy Vary
44%
14 284 Liberec
25%
6 214 Ústí nad Labem
25%
19 328 Zielona Góra
25%
20 332 České Budějovice
19%
No matching quizzes found
Score Distribution
Percent of People with Each Score
Percentile by Number Answered
Your Score History
You have not taken this quiz